| 000 | 00501nam a2200193 a 4500 | ||
|---|---|---|---|
| 001 | 1773220478641 | ||
| 003 | YourLibrary | ||
| 005 | 20260311144732.0 | ||
| 008 | 260311s1998##################000#0#eng## | ||
| 020 | _a9780333721872 | ||
| 082 | 0 | 4 |
_a338.968 _bGIN |
| 100 | 1 |
_aGinsberg, A., _eauthor. |
|
| 245 | 1 | 0 | _aSouth Africa's Future : |
| 260 |
_bPalgrave Macmillan, _c1998. |
||
| 300 | _a260 pages | ||
| 650 | 0 | _aPolitical Science. | |
| 942 | _cENGLISH | ||
| 040 |
_aYourLibrary _beng _cYourLibrary |
||
| 999 |
_c617584 _d617584 |
||